Las lecturas de Juárez / (Record no. 106530)

MARC details
000 -CABECERA
campo de control de longitud fija 00710nam a2200205 a 4500
005 - FECHA Y HORA DE LA ÚLTIMA TRANSACCIÓN
campo de control 20210223125424.0
008 - ELEMENTOS DE LONGITUD FIJA--INFORMACIÓN GENERAL
campo de control de longitud fija 040825s1998 mx r 000 0 spa d
020 ## - NÚMERO INTERNACIONAL NORMALIZADO PARA LIBROS
Número Internacional Estándar del Libro 9687984074
035 ## - NÚMERO DE CONTROL DEL SISTEMA
Número de control de sistema UPN01000134379
049 ## - COLECCIÓN
Colección CG
050 #4 - SIGNATURA TOPOGRÁFICA DE LA BIBLIOTECA DEL CONGRESO
Número de clasificación F1233 J8
Número de documento/Ítem L4.2
100 1# - ASIENTO PRINCIPAL--NOMBRE PERSONAL
Nombre de persona Juárez, Benito,
Fechas asociadas al nombre 1806-1872
245 14 - MENCIÓN DE TÍTULO
Título Las lecturas de Juárez /
Mención de responsabilidad, etc. Benito Juárez ; paleografía María de los Angeles Navarrete Calatayud.
260 ## - PUBLICACIÓN, DISTRIBUCIÓN, ETC.
Lugar de publicación, distribución, etc. México :
Nombre del editor, distribuidor, etc. AGN :
-- Amigos de los Archivos y Bibliotecas de Oaxaca,
Fecha de publicación, distribución, etc. 1998.
300 ## - DESCRIPCIÓN FÍSICA
Extensión 94 p.
440 #0 - MENCIÓN DE SERIE/ASIENTO SECUNDARIO--TÍTULO
Título Cuadernos de acervos ;
Designación de volumen o secuencia 1
500 ## - NOTA GENERAL
Nota general "Cuaderno de notas de las lecturas de Juárez"
600 14 - ASIENTO SECUNDARIO DE MATERIA - NOMBRE PERSONAL
Nombre de persona JUAREZ, BENITO,
Fechas asociadas al nombre 1806-1872 -
Subdivisión de forma MANUSCRITOS
9 (RLIN) 19781
905 ## - TIPO DE MATERIAL
Tipo de material Libro
Holdings
Estado de retiro Estado de pérdida Fuente del sistema de clasificación o colocación Estado dañado No para préstamo Código de colección Localización permanente Ubicación/localización actual Ubicación en estantería Total de préstamos Clasificación Código de barras Fecha visto por última vez Número de copia Tipo de ítem Koha
    Library of Congress Classification     Colección General Bib. Gregorio Torres Quintero Bib. Gregorio Torres Quintero Planta baja   F1233 J8 L4.2 199545 31/12/2020 1 Libro